00743cam a2200205 a 450000100100000000500170001000800410002704000250006808200190009310000310011224500480014326000490019130000210024049000340026165000260029565000300032183000490035195201220040099900150052200000629920200929153918.0810327s1965 fr 000 0 fre  aDO-SdBNPbspacBNPHU a843.914bS247a1 aSarrazin, Albertine91758412aL'astragale :broman /cAlbertine Sarrazin. a[París] :bJéan -Jacques Pauvert,c1965. a192 p. ;c17 cm.1 aLe Libre de Poche ;vno. 2418 4aNovela francesa91075 4aLiteratura francesa91074 0aLe Libre de Poche ;no. 2418vno. 2418917585 001052708MOaGRbGRcCTd2009-08-27iLF1l0o843.914 S247ap6299-10r2020-06-25w2020-06-25y2ZPréstamo interno c6094d6094